000 00769cac a2200229 a 4500
003 Co-PeBPM
005 20250820172007.0
008 231129e1979||||ck |||||||||||||| ||spa||
020 _a8472321894
040 0 _aCo-PeBPM
_bspa
_cCo-PeBPM
_erda
041 _aspa
082 0 4 _a509 P953
_222
100 1 _aCentro Iberoamericano de Cooperacion
_eautor
245 1 0 _aPrimera Reunión Iberoamericana de Ciencia y Tecnología.
_c/ Centro Ibero Americano De Cooperación
260 _aMadrid, España
_b: Cultura hispanica
_c, 1979
300 _a434 páginas
_c; 23 centímetros
500 _aIncluye índice.
650 1 4 _aCiencia
_2LEMB
650 1 4 _aTecnología
_2LEMB
650 1 4 _aCongresos y asambleas
_2LEMB
942 _2ddc
_cBK
999 _c23188
_d23188